[Event "Kragero Resort Chess 2018"]
[Site "Kragerø Resort"]
[Date "2018.02.21"]
[Round "1"]
[White "Ingebretsen, Jens E"]
[Black "Chatalbashev, Boris"]
[Result "0-1"]
[WhiteElo "2174"]
[BlackElo "2571"]
[Annotator "TrulsJÃ¸rgensen"]
[PlyCount "74"]
[EventDate "2018.??.??"]

1. e4 g6 2. d4 Bg7 3. Nc3 d6 4. Nf3 Nf6 5. Be2 O-O 6. O-O c5 7. d5 e6 8. Re1
exd5 9. exd5 Re8 10. Bg5 h6 11. Bh4 Bg4 12. Nd2 Bxe2 13. Rxe2 Rxe2 14. Qxe2
Nbd7 15. Nc4 Nb6 16. Ne3 Qe7 17. Re1 g5 18. Bg3 Re8 19. h4 Nfxd5 20. Ncxd5 Nxd5
21. Qd2 gxh4 22. Bh2 Qe4 23. c3 Nxe3 24. Qxe3 Qxe3 25. fxe3 d5 26. Rd1 Rxe3 27.
Rxd5 Re2 28. Rxc5 Rxb2 29. a4 Rb3 30. Rb5 Rxb5 31. axb5 Bxc3 32. Bb8 a5 33.
bxa6 bxa6 34. Kf2 Kg7 35. Kf3 Kg6 36. Kg4 a5 37. Bf4 Bb2 {0-1 (37) Ingebretsen,
J (2174)-Chatalbashev,B (2571) KragerÃ¸ Resort 2018}
0-1

[Event "Kragero Resort Chess 2018"]
[Site "Kragerø Resort"]
[Date "2018.02.21"]
[Round "1"]
[White "Kveinys, Aloyzas"]
[Black "Vestby-Ellingsen, Mads"]
[Result "1-0"]
[WhiteElo "2550"]
[BlackElo "2160"]
[Annotator "TrulsJÃ¸rgensen"]
[PlyCount "137"]
[EventDate "2018.??.??"]

1. d4 {Sf6 c4} Nf6 2. c4 e6 3. Nc3 Bb4 4. e3 O-O 5. Bd3 c5 6. Nf3 d5 7. O-O
cxd4 8. exd4 dxc4 9. Bxc4 b6 10. Bg5 Bb7 11. Rc1 Nc6 12. a3 Be7 13. Qd3 h6 14.
Bh4 Nh5 15. Bg3 Nxg3 16. hxg3 Bf6 17. Rfd1 Ne7 18. Ba2 Nd5 19. Ne4 Qe7 20. Ne5
Rfd8 21. Ng4 h5 22. Bxd5 hxg4 23. Nxf6+ gxf6 24. Bxb7 Qxb7 25. Qe2 f5 26. Qe3
Rac8 27. Qg5+ Kh7 28. Rxc8 Qxc8 29. Kh2 Rg8 30. Qf6 Rg7 31. d5 exd5 32. Rxd5
Qe6 33. Rxf5 Qxf6 34. Rxf6 Kg8 35. f3 Rg5 36. Rf4 gxf3 37. gxf3 Rd5 38. Rb4 Kg7
39. g4 Kg6 40. Kg3 Rd2 41. Rb5 Kf6 42. Kf4 Re2 43. a4 Kg6 44. b3 Kf6 45. Rf5+
Kg6 46. Re5 Rd2 47. Ke4 Re2+ 48. Kd4 Rc2 49. Rf5 Rc1 50. b4 f6 51. a5 bxa5 52.
bxa5 Rc2 53. Rc5 Rf2 54. Ke4 Ra2 55. f4 Ra4+ 56. Kf3 Ra3+ 57. Kg2 Ra2+ 58. Kg3
Ra3+ 59. Kh4 Ra4 60. f5+ Kg7 61. Rc7+ Kh6 62. Rf7 Rxa5 63. Rxf6+ Kg7 64. Rc6
Ra2 65. Kg5 a5 66. Rc7+ Kf8 67. Kf6 Ke8 68. Ra7 a4 69. g5 {1-0 (69) Kveinys,A
(2550)-Vestby-Ellingsen,M (2160) KragerÃ¸ Resort 2018}
1-0

[Event "Kragero Resort Chess 2018"]
[Site "Kragerø Resort"]
[Date "2018.02.21"]
[Round "1"]
[White "Baldursson, Hrannar"]
[Black "Hillarp Persson, Tiger"]
[Result "0-1"]
[WhiteElo "2153"]
[BlackElo "2543"]
[Annotator "TrulsJÃ¸rgensen"]
[PlyCount "82"]
[EventDate "2018.??.??"]

1. e4 c5 2. Nf3 e6 3. Nc3 a6 4. d4 cxd4 5. Nxd4 b5 6. Bd3 Qb6 7. Nb3 Qc7 8. O-O
Bb7 9. Qe2 Be7 10. Be3 Nf6 11. f3 O-O 12. Qf2 Nc6 13. Bb6 Qb8 14. Rad1 Ne5 15.
Na5 Bc8 16. Be2 d6 17. h3 b4 18. Nb1 d5 19. Nd2 Nfd7 20. Bd4 Qc7 21. Ndb3 dxe4
22. fxe4 Ng6 23. Bh5 e5 24. Be3 Rb8 25. Be2 Nf6 26. Ba7 Be6 27. Bxb8 Rxb8 28.
Bxa6 Ra8 29. Bb7 Rxa5 30. Bd5 Nxd5 31. exd5 Rxd5 32. Rxd5 Bxd5 33. Qd2 Be6 34.
Nc1 Nf4 35. Rf3 g5 36. Kh1 e4 37. Re3 f5 38. c3 Nd5 39. Re1 bxc3 40. bxc3 Qg3
41. Ne2 Qf2 {0-1 (41) Baldursson,H (2153)-Hillarp Persson,T (2543) KragerÃ¸
Resort 2018}
0-1

[Event "Kragero Resort Chess 2018"]
[Site "Kragerø Resort"]
[Date "2018.02.21"]
[Round "1"]
[White "Lie, Kjetil A."]
[Black "Nielsen, Andre"]
[Result "1-0"]
[WhiteElo "2523"]
[BlackElo "2145"]
[Annotator "TrulsJÃ¸rgensen"]
[PlyCount "107"]
[EventDate "2018.??.??"]

1. c4 e5 2. Nc3 Nf6 3. Nf3 Nc6 4. a3 d5 5. cxd5 Nxd5 6. Qc2 Be7 7. e3 O-O 8.
Be2 Be6 9. b4 a6 10. Bb2 f5 11. Nxd5 Qxd5 12. Rc1 Bf6 13. d3 Rfd8 14. O-O Qb3
15. Nd2 Qxc2 16. Rxc2 Rd7 17. Rfc1 a5 18. b5 Na7 19. Rxc7 Nxb5 20. Rxd7 Bxd7
21. Nc4 Be6 22. Nxe5 Bxe5 23. Bxe5 Nxa3 24. Rc7 Rc8 25. Rxg7+ Kf8 26. Rxb7 Rc1+
27. Bf1 Nb1 28. Rc7 Rd1 29. Bb2 a4 30. Rc1 Rxc1 31. Bxc1 a3 32. Be2 a2 33. Bb2
Nd2 34. Bd1 Bb3 35. Bxb3 Nxb3 36. Kf1 a1=Q+ 37. Bxa1 Nxa1 38. e4 fxe4 39. dxe4
Kf7 40. Ke2 Kf6 41. f4 h5 42. Kd3 Nb3 43. g3 Nc5+ 44. Ke3 Ne6 45. h3 Nc5 46. g4
hxg4 47. hxg4 Nd7 48. Kd4 Ke6 49. e5 Nf8 50. f5+ Ke7 51. g5 Nh7 52. g6 Ng5 53.
Kd5 Kd7 54. g7 { (54) Lie,K (2523)-Nielsen,A (2145) KragerÃ¸ Resort 2018}
1-0

[Event "Kragero Resort Chess 2018"]
[Site "Kragerø Resort"]
[Date "2018.02.21"]
[Round "1"]
[White "Rishovd, Svein"]
[Black "Christiansen, Johan-Sebastian"]
[Result "0-1"]
[WhiteElo "2126"]
[BlackElo "2498"]
[Annotator "TrulsJÃ¸rgensen"]
[PlyCount "42"]
[EventDate "2018.??.??"]

1. d4 d5 2. c4 e6 3. Nf3 Nf6 4. g3 dxc4 5. Bg2 Bd7 6. Ne5 Bc6 7. Nxc6 Nxc6 8.
O-O Qd7 9. e3 Rd8 10. Qe2 e5 11. Nc3 exd4 12. exd4+ Be7 13. Bg5 Nxd4 14. Qxc4
Qg4 15. f4 c6 16. Rae1 Ne6 17. Re5 Nd7 18. Ne4 Nxe5 19. fxe5 Rd4 20. Qc3 Bb4
21. Nd6+ Rxd6 {0-1 (21) Rishovd,S (2126)-Christiansen,J (2498) KragerÃ¸ Resort
2018}
0-1

[Event "Kragero Resort Chess 2018"]
[Site "Kragerø Resort"]
[Date "2018.02.21"]
[Round "1"]
[White "Kantans, Toms"]
[Black "Bruaset, Eivind"]
[Result "1-0"]
[WhiteElo "2487"]
[BlackElo "2108"]
[Annotator "TrulsJÃ¸rgensen"]
[PlyCount "78"]
[EventDate "2018.??.??"]

1. e4 e6 2. c4 d5 3. cxd5 exd5 4. exd5 Nf6 5. Nc3 Nxd5 6. Nf3 Nc6 7. d4 Bb4 8.
Bd2 O-O 9. Be2 Be6 10. O-O Be7 11. Be3 Bf6 12. Qd2 Re8 13. Rac1 Qe7 14. Bb5
Rad8 15. Rfe1 Nxe3 16. fxe3 Bg4 17. Qf2 Bxf3 18. Qxf3 Bg5 19. Kh1 Rd6 20. Nd5
Qd8 21. Nf4 Bxf4 22. Qxf4 Ree6 23. Bc4 Re7 24. Rf1 Qe8 25. Rf3 Na5 26. Bd3 Rf6
27. Qh4 Rh6 28. Qg5 Nc6 29. Rg3 Rg6 30. Bxg6 hxg6 31. h3 Nb4 32. a3 Nd3 33. Rc2
c5 34. e4 c4 35. e5 Rd7 36. Qg4 b5 37. Re2 Rd5 38. e6 Qxe6 39. Rxe6 fxe6 {
(39) Kantans,T (2487)-Bruaset,E (2108) KragerÃ¸ Resort 2018}
1-0

[Event "Kragero Resort Chess 2018"]
[Site "Kragerø Resort"]
[Date "2018.02.21"]
[Round "1"]
[White "Bergsson, Stefan"]
[Black "Lie, Espen"]
[Result "0-1"]
[WhiteElo "2093"]
[BlackElo "2473"]
[Annotator "TrulsJÃ¸rgensen"]
[PlyCount "102"]
[EventDate "2018.??.??"]

1. c4 Nf6 2. Nc3 g6 3. d4 Bg7 4. e4 O-O 5. Be3 d6 6. Be2 e5 7. d5 Na6 8. g4 Nc5
9. f3 a5 10. Qd2 Ne8 11. h4 f5 12. exf5 gxf5 13. g5 Qe7 14. Nh3 Bd7 15. O-O-O
Na4 16. Nxa4 Bxa4 17. Rdg1 Bd7 18. f4 c6 19. h5 cxd5 20. cxd5 Nc7 21. h6 Bh8
22. g6 Bf6 23. Kb1 Nb5 24. Ng5 hxg6 25. Bxb5 Bxb5 26. Ne6 Kh7 27. fxe5 Bxe5 28.
Ng5+ Kh8 29. Ne6 f4 30. Nxf8 Rxf8 31. Bf2 Qf7 32. Re1 Qf5+ 33. Ka1 a4 34. a3
Qd3 35. Qxd3 Bxd3 36. Rd1 Bc4 37. Bd4 Bxd4 38. Rxd4 b5 39. Rh2 Kh7 40. b4 g5
41. Kb2 f3 42. Rf2 Kxh6 43. Kc3 Kh5 44. Rh2+ Kg6 45. Rf2 Rf5 46. Rxc4 bxc4 47.
b5 g4 48. b6 g3 49. Rb2 f2 50. b7 Rf3+ 51. Kd4 f1=Q {0-1 (51) Bergsson,S (2093)
-Lie,E (2473) KragerÃ¸ Resort 2018}
0-1

[Event "Kragero Resort Chess 2018"]
[Site "Kragerø Resort"]
[Date "2018.02.21"]
[Round "1"]
[White "Thorfinnsson, Bragi"]
[Black "Fossan, Aleksander"]
[Result "1-0"]
[WhiteElo "2426"]
[BlackElo "2004"]
[PlyCount "41"]
[EventDate "2018.??.??"]

1. e4 c5 2. Nc3 g6 3. f4 Bg7 4. Nf3 Nc6 5. Bb5 Nd4 6. O-O Nxb5 7. Nxb5 d6 8. d3
Nf6 9. Qe1 a6 10. Nc3 b5 11. a4 b4 12. Nd1 O-O 13. f5 gxf5 14. Qh4 fxe4 15.
dxe4 Bb7 16. Nf2 Qd7 17. Bg5 Rae8 18. Bh6 Bxh6 19. Qxh6 Kh8 20. Ng5 c4 21. Nfh3
1-0

[Event "Kragero Resort Chess 2018"]
[Site "KragerÃ¸ Resort"]
[Date "2018.02.21"]
[Round "1"]
[White "Kaasen, Tor Fredrik"]
[Black "HjÃ¸rnevik, Knut J"]
[Result "1-0"]
[WhiteElo "2335"]
[BlackElo "1904"]
[PlyCount "81"]
[EventDate "2018.??.??"]

1. d4 d5 2. c4 Nc6 3. Nc3 Nf6 4. Bg5 dxc4 5. e3 e5 6. d5 Na5 7. Qa4+ c6 8. dxc6
Nxc6 9. Bxc4 Bb4 10. Nge2 O-O 11. a3 Be7 12. O-O Nd7 13. Bxe7 Nxe7 14. Rfd1 Qc7
15. Nb5 Qb8 16. Nd6 Nb6 17. Bxf7+ Kh8 18. Qb3 Nf5 19. Nxf5 Bxf5 20. Ng3 Qc7 21.
Nxf5 Qxf7 22. Qxf7 Rxf7 23. e4 g6 24. Ne3 Rc8 25. f3 Kg7 26. Rd3 Rfc7 27. Rad1
Rc1 28. Ng4 Rxd1+ 29. Rxd1 Re8 30. Rc1 Re7 31. b3 h5 32. Ne3 Kf6 33. a4 Kf7 34.
a5 Na8 35. Nd5 Re8 36. Kf2 Rd8 37. Ke3 b6 38. a6 Ke6 39. Rc6+ Kf7 40. Rf6+ Kg7
41. Re6 1-0

[Event "Kragero Resort Chess 2018"]
[Site "Kragerø Resort"]
[Date "2018.02.21"]
[Round "1"]
[White "Dahl, Trygve"]
[Black "Skjølingstad, Sverre"]
[Result "1-0"]
[WhiteElo "2217"]
[BlackElo "1749"]
[PlyCount "65"]
[EventDate "2018.??.??"]

1. e4 c5 2. Nf3 e6 3. g3 Nc6 4. Bg2 Nf6 5. Qe2 d6 6. O-O Be7 7. c3 O-O 8. d4
cxd4 9. cxd4 e5 10. Rd1 Qc7 11. h3 b6 12. Nc3 Bb7 13. Bg5 Nd8 14. Rac1 Qb8 15.
Nd5 Nxd5 16. exd5 Bxg5 17. Nxg5 h6 18. Ne4 f5 19. Nxd6 Qxd6 20. dxe5 Qe7 21. f4
Rb8 22. Qc4 Qd7 23. e6 Qd6 24. Qc7 Qxc7 25. Rxc7 Re8 26. e7 Nf7 27. d6 Bxg2 28.
Kxg2 Kh7 29. Rxa7 Rbc8 30. Kf3 Rc2 31. Rc7 Rxb2 32. d7 Ra8 33. d8=Q
1-0

[Event "Kragero Resort Chess 2018"]
[Site "Kragerø Resort"]
[Date "2018.02.22"]
[Round "2"]
[White "Houska, Jovanka"]
[Black "Hammer, Jon Ludvig"]
[Result "1/2-1/2"]
[WhiteElo "2408"]
[BlackElo "2622"]
[Annotator "TrulsJÃ¸rgensen"]
[PlyCount "116"]
[EventDate "2018.??.??"]

1. d4 d5 2. Nf3 Nf6 3. c4 e6 4. Nc3 a6 5. cxd5 exd5 6. Bg5 Be6 7. e3 Nbd7 8.
Bd3 c6 9. Qc2 h6 10. Bh4 g5 11. Bg3 Nh5 12. a3 Nxg3 13. hxg3 Bg7 14. b4 Qe7 15.
Na4 a5 16. O-O axb4 17. axb4 O-O 18. Nc5 Nxc5 19. bxc5 g4 20. Nh4 Bf6 21. Nf5
Bxf5 22. Bxf5 h5 23. Rfb1 Kg7 24. Qb3 Rxa1 25. Rxa1 Re8 26. Rb1 Rb8 27. Bc2 h4
28. gxh4 g3 29. fxg3 Re8 30. Kf2 Bxd4 31. exd4 Qe2+ 32. Kg1 Re3 33. Qa2 Rxg3
34. Bb3 Rxg2+ 35. Kh1 Qxa2 36. Bxa2 Rxa2 37. Rxb7 Ra4 38. Rb6 Rxd4 39. Rxc6
Rxh4+ 40. Kg2 Rc4 41. Kf3 f6 42. Rc8 Kg6 43. c6 Kf5 44. c7 Rc3+ 45. Ke2 Kf4 46.
Rf8 Rxc7 47. Rxf6+ Ke4 48. Rh6 Rc2+ 49. Kd1 Rc3 50. Kd2 Rd3+ 51. Kc2 Rg3 52.
Kd2 Rg2+ 53. Kd1 Rg3 54. Kd2 Rd3+ 55. Kc2 Rd4 56. Rh4+ Ke5 57. Rxd4 Kxd4 58.
Kd2 Ke4 { (58) Houska,J-Hammer,J KragerÃ¸ Resort 2018}
1/2-1/2

[Event "Kragero Resort Chess 2018"]
[Site "Kragerø Resort"]
[Date "2018.02.22"]
[Round "2"]
[White "Chatalbashev, Boris"]
[Black "Kaasen, Tor Fredrik"]
[Result "1/2-1/2"]
[WhiteElo "2571"]
[BlackElo "2335"]
[PlyCount "116"]
[EventDate "2018.??.??"]

1. d4 d5 2. c4 e6 3. Nc3 Be7 4. cxd5 exd5 5. Bf4 Nf6 6. e3 Bf5 7. Qb3 Nc6 8.
Rc1 Na5 9. Qd1 c6 10. Nge2 Qb6 11. Ng3 Bg6 12. Qd2 Nc4 13. Bxc4 dxc4 14. e4 Rd8
15. Rd1 O-O 16. O-O Rd7 17. Qe2 Qa6 18. a3 b5 19. Be3 h5 20. f3 Qb7 21. Nh1 a5
22. Nf2 Rb8 23. Rc1 c5 24. dxc5 Qc6 25. a4 bxa4 26. Qxc4 Rb4 27. Qe2 Rdb7 28.
Nd3 Rb3 29. Ne5 Qc7 30. Nxg6 fxg6 31. Qc4+ Kh7 32. c6 R7b4 33. Qe6 Bd6 34. f4
Rxc3 35. Rxc3 Rxe4 36. Qh3 Nd5 37. f5 Nxe3 38. fxg6+ Kh6 39. Re1 Qb6 40. Rexe3
Bc5 41. g4 Bxe3+ 42. Kh1 Rxg4 43. Qxe3+ Qxe3 44. Rxe3 Rc4 45. Re5 Rxc6 46. Rxa5
Rc1+ 47. Kg2 Rc2+ 48. Kg3 Rxb2 49. Rxa4 Rb6 50. h4 Kxg6 51. Ra5 Rb3+ 52. Kg2
Kh6 53. Ra6+ Kh7 54. Ra5 g6 55. Ra7+ Kg8 56. Ra8+ Kg7 57. Ra7+ Kf6 58. Ra6+ Ke5
1/2-1/2

[Event "Kragero Resort Chess 2018"]
[Site "Kragerø Resort"]
[Date "2018.02.22"]
[Round "2"]
[White "Hobber, Anders"]
[Black "Kveinys, Aloyzas"]
[Result "1/2-1/2"]
[WhiteElo "2286"]
[BlackElo "2550"]
[PlyCount "65"]
[EventDate "2018.??.??"]

1. d4 Nf6 2. Nf3 e6 3. Bf4 b6 4. e3 Bb7 5. Nbd2 Be7 6. h3 O-O 7. Bd3 c5 8. c3
cxd4 9. exd4 d6 10. O-O Nbd7 11. Re1 a6 12. a4 Re8 13. Bh2 Nf8 14. Qe2 Ng6 15.
Ne4 Nd5 16. Qd2 Nc7 17. Qe2 Bf8 18. Ned2 Nd5 19. Qd1 Qd7 20. Qb3 Rab8 21. c4
Ndf4 22. Be4 Nh5 23. Bxb7 Rxb7 24. Ne4 Be7 25. Qd3 Ra8 26. Nc3 Rbb8 27. b4 a5
28. bxa5 bxa5 29. Nb5 Rc8 30. Rac1 Nf6 31. Nd2 Ne8 32. Nb3 h6 33. Bg3
1/2-1/2

[Event "Kragero Resort Chess 2018"]
[Site "Kragerø Resort"]
[Date "2018.02.22"]
[Round "2"]
[White "Hillarp Persson, Tiger"]
[Black "Risting, Eivind Olav"]
[Result "1-0"]
[WhiteElo "2543"]
[BlackElo "2308"]
[Annotator "TrulsJÃ¸rgensen"]
[PlyCount "84"]
[EventDate "2018.??.??"]

1. d4 Nf6 2. Nf3 c5 3. d5 b5 4. c3 Bb7 5. e4 Nxe4 6. Bxb5 Nf6 7. c4 g6 8. Nc3
Bg7 9. Be3 Qc7 10. O-O O-O 11. Re1 d6 12. Bg5 a6 13. Ba4 Bc8 14. h3 Ra7 15. Qd2
Qb6 16. Rad1 Rb7 17. Re2 Qb4 18. a3 Qb6 19. Bh6 e5 20. dxe6 Bxe6 21. Bxg7 Kxg7
22. b3 Rd8 23. Ng5 d5 24. Qe1 dxc4 25. Rxd8 Qxd8 26. Nxe6+ fxe6 27. bxc4 Qd4
28. Rxe6 Qxc4 29. Re7+ Rxe7 30. Qxe7+ Qf7 31. Qxc5 Nbd7 32. Qd4 Qe6 33. Bxd7
Qxd7 34. Qxd7+ Nxd7 35. Kf1 Kf6 36. Ke2 Nc5 37. Ke3 Ke5 38. f4+ Ke6 39. Ne4 Nb3
40. Ng5+ Kd5 41. Nxh7 Kc4 42. Nf8 Kd5 {Ke4+ 1-0 (42) Hillarp Persson,T-Risting,
E KragerÃ¸ Resort 2018}
1-0

[Event "Kragero Resort Chess 2018"]
[Site "Kragerø Resort"]
[Date "2018.02.22"]
[Round "2"]
[White "Pantzar, Milton"]
[Black "Lie, Kjetil A."]
[Result "0-1"]
[WhiteElo "2260"]
[BlackElo "2523"]
[Annotator "TrulsJÃ¸rgensen"]
[PlyCount "86"]
[EventDate "2018.??.??"]

1. d4 d6 2. e4 Nf6 3. f3 e5 4. dxe5 dxe5 5. Qxd8+ Kxd8 6. Bc4 Ke8 7. Be3 Nbd7
8. Ne2 Bc5 9. Kf2 Bxe3+ 10. Kxe3 Nb6 11. Na3 Ke7 12. Rad1 a5 13. Rd2 a4 14. g4
Ra5 15. Ng3 g6 16. Rhd1 h5 17. g5 Ne8 18. Bd5 h4 19. Nf1 Rh5 20. f4 Bg4 21. Re1
c6 22. Nc4 Nxc4+ 23. Bxc4 Rc5 24. Bd3 Ng7 25. Rf2 exf4+ 26. Rxf4 Rhxg5 27. Nd2
h3 28. a3 Be6 29. c3 Nh5 30. Rf2 Nf6 31. Be2 Ng4+ 32. Bxg4 Rxg4 33. Nf3 Rb5 34.
Nd4 Re5 35. Rf4 Rg2 36. Re2 Rxe2+ 37. Nxe2 g5 38. Rf2 f5 39. Nd4 Rxe4+ 40. Kd3
Kf6 41. Kd2 f4 42. Kd3 Bf5 43. Kd2 g4 {0-1 (43) Pantzar,M-Lie,K KragerÃ¸ Resort
2018}
0-1

[Event "Kragero Resort Chess 2018"]
[Site "Kragerø Resort"]
[Date "2018.02.22"]
[Round "2"]
[White "Christiansen, Johan-Sebastian"]
[Black "Kantane, Anna"]
[Result "1-0"]
[WhiteElo "2498"]
[BlackElo "2254"]
[Annotator "TrulsJÃ¸rgensen"]
[PlyCount "57"]
[EventDate "2018.??.??"]

1. d4 Nf6 2. Nf3 c5 3. d5 e6 4. Nc3 exd5 5. Nxd5 Nxd5 6. Qxd5 d6 7. e4 Nc6 8.
Ng5 Qc7 9. Bc4 Ne5 10. Bb5+ Bd7 11. Bxd7+ Qxd7 12. Bf4 Ng6 13. Bg3 h6 14. Nf3
Ne7 15. Qxd6 Nc6 16. Qxd7+ Kxd7 17. O-O-O+ Ke6 18. Rd5 g6 19. Rhd1 Be7 20. c3
Rad8 21. Bc7 Rc8 22. Bd6 b6 23. Bxe7 Kxe7 24. Rd7+ Kf8 25. Rb7 Kg7 26. Rdd7
Rhf8 27. Rbc7 g5 28. h3 a6 29. Rxf7+ {1-0 (29) Christiansen,J-Kantans,A
KragerÃ¸ Resort 2018}
1-0

[Event "Kragero Resort Chess 2018"]
[Site "Kragerø Resort"]
[Date "2018.02.22"]
[Round "2"]
[White "Tryggestad, Andreas G"]
[Black "Kantans, Toms"]
[Result "1-0"]
[WhiteElo "2241"]
[BlackElo "2487"]
[PlyCount "117"]
[EventDate "2018.??.??"]

1. d4 Nf6 2. c4 g6 3. Nc3 d5 4. cxd5 Nxd5 5. e4 Nxc3 6. bxc3 Bg7 7. Qa4+ Nd7 8.
Nf3 O-O 9. Be2 a6 10. O-O b5 11. Qc2 Nb6 12. Ba3 Bb7 13. Rad1 Qc8 14. Rfe1 c5
15. dxc5 Na4 16. Nd4 Nxc5 17. Bf1 Rd8 18. e5 Qc7 19. e6 f5 20. Nxf5 gxf5 21.
Qxf5 Ne4 22. Qf7+ Kh8 23. Bxe7 Rxd1 24. Rxd1 Bc6 25. Bd3 Re8 26. Bxe4 Rxe7 27.
Qf5 Bxe4 28. Qxe4 Bxc3 29. Qa8+ Kg7 30. Qxa6 Qe5 31. g3 Bd4 32. a4 Qf6 33. Rd2
Bc3 34. Re2 b4 35. Qc4 Qd4 36. Qb5 h6 37. Re3 Qd2 38. Qf5 Qd1+ 39. Kg2 Qxa4 40.
Qg4+ Kh8 41. Rxc3 Qa8+ 42. Rf3 b3 43. Qc4 Rb7 44. e7 Rxe7 45. Qxb3 Kg7 46. Qc3+
Kh7 47. Qf6 Ra7 48. Kh3 Qc8+ 49. Qf5+ Qxf5+ 50. Rxf5 Kg6 51. Rb5 Ra6 52. Kg4
Ra2 53. Rb6+ Kg7 54. Kf3 Ra3+ 55. Kg2 Rc3 56. h3 Ra3 57. g4 Rc3 58. f3 h5 59.
Kg3
1-0

[Event "Kragero Resort Chess 2018"]
[Site "Kragerø Resort"]
[Date "2018.02.22"]
[Round "2"]
[White "Lie, Espen"]
[Black "Nordquelle, Daniel"]
[Result "1-0"]
[WhiteElo "2473"]
[BlackElo "2220"]
[Annotator "TrulsJÃ¸rgensen"]
[PlyCount "47"]
[EventDate "2018.??.??"]

1. Nf3 d5 2. g3 g6 3. Bg2 Bg7 4. d4 Nh6 5. Nbd2 Nf5 6. c3 Nd6 7. O-O Bf5 8. Re1
c6 9. Nh4 Be6 10. e4 dxe4 11. Nxe4 Nxe4 12. Bxe4 Bd5 13. Bg5 f6 14. Bd2 Kf7 15.
Bd3 Re8 16. c4 Be6 17. Rxe6 Kxe6 18. Qg4+ Kd6 19. Bf4+ e5 20. dxe5+ fxe5 21.
Bxg6 Nd7 22. Bxe8 Qxe8 23. Nf5+ Kc7 24. Nxg7 {1-0 (24) Lie,E-Nordquelle,D
KragerÃ¸ Resort 2018}
1-0

[Event "Kragero Resort Chess 2018"]
[Site "Kragero"]
[Date "2018.02.22"]
[Round "2"]
[White "LindbÃ¸l, Aleksander"]
[Black "Holm, Kristian Stuvik"]
[Result "0-1"]
[WhiteElo "2218"]
[BlackElo "2448"]
[Annotator "TrulsJÃ¸rgensen"]
[PlyCount "78"]
[EventDate "2018.??.??"]

1. c4 e5 2. g3 Nc6 3. Bg2 Bc5 4. Nc3 d6 5. e3 a6 6. Nge2 Ba7 7. h3 h5 8. d4 h4
9. g4 f5 10. gxf5 Bxf5 11. d5 Nce7 12. e4 Bd7 13. Qd3 Ng6 14. Be3 Bxe3 15. Qxe3
Qf6 16. O-O N8e7 17. f4 exf4 18. Nxf4 Qg5 19. Qc1 O-O 20. Nxg6 Rxf1+ 21. Kxf1
Qxc1+ 22. Rxc1 Nxg6 23. Ne2 Ne5 24. Rc3 b5 25. cxb5 Bxb5 26. a4 Bxa4 27. Nd4
Ra7 28. Ke1 Rb7 29. b3 Bd7 30. Bf1 Rb4 31. Bc4 a5 32. Nc2 Rb6 33. Nd4 a4 34.
Kd2 Rb4 35. Nc2 Nxc4+ 36. bxc4 Rb3 37. Rxb3 axb3 38. Nd4 b2 39. Kc2 Bxh3 {
(39) LindbÃ¸l,A-Stuvik Holm,K KragerÃ¸ Resort 2018} 0-1

[Event "Kragero Resort Chess 2018"]
[Site "Kragerø Resort"]
[Date "2018.02.22"]
[Round "2"]
[White "Notkevich, Benjamin Arvola"]
[Black "Dahl, Trygve"]
[Result "1-0"]
[WhiteElo "2446"]
[BlackElo "2217"]
[Annotator "TrulsJÃ¸rgensen"]
[PlyCount "53"]
[EventDate "2018.??.??"]

1. e4 c5 2. Nf3 e6 3. d4 cxd4 4. Nxd4 a6 5. c4 Nf6 6. Nc3 Bb4 7. Qd3 d6 8. Nc2
Bxc3+ 9. Qxc3 e5 10. Bd3 Be6 11. O-O Nbd7 12. Qa3 Rc8 13. Ne3 Nc5 14. f3 Nxd3
15. Qxd3 Qb6 16. b3 O-O 17. Ba3 Rfd8 18. Qd2 Qa7 19. Kh1 b5 20. Rac1 bxc4 21.
bxc4 Rc6 22. Nd5 Rdc8 23. Bxd6 Nxd5 24. cxd5 Rxd6 25. dxe6 Rdd8 26. Qd6 Qd4 27.
Qe7 {(27) Arvola Notkevich,B-Dahl,T KragerÃ¸ Resort 2018}
1-0

[Event "Kragero Resort Chess 2018"]
[Site "Kragerø Resort"]
[Date "2018.02.22"]
[Round "2"]
[White "Nesse, David"]
[Black "Thorfinnsson, Bragi"]
[Result "0-1"]
[WhiteElo "1701"]
[BlackElo "2426"]
[Annotator "TrulsJÃ¸rgensen"]
[PlyCount "36"]
[EventDate "2018.??.??"]

1. e4 c5 2. Nc3 e6 3. Nge2 a6 4. g3 b5 5. Bg2 Bb7 6. O-O Nc6 7. d3 Nf6 8. Nf4
h5 9. e5 Ng4 10. Nxh5 Ngxe5 11. f4 Nxd3 12. f5 Nxc1 13. f6 Rxh5 14. Qxh5 g6 15.
Qd1 Bh6 16. Re1 Qc7 17. Ne4 Nd4 18. Qe2 Ndxe2+ {0-1 (18) Nesse,D-Thorfinsson,B
Kragerï¿½ Resort 2018 [TrulsJÃ¸rgensen]}
0-1

[Event "Kragero Resort Chess 2018"]
[Site "Kragerø Resort"]
[Date "2018.02.22"]
[Round "2"]
[White "Sebastian, Andreas"]
[Black "Genocchio, Daniele"]
[Result "0-1"]
[WhiteElo "1880"]
[BlackElo "2385"]
[Annotator "TrulsJÃ¸rgensen"]
[PlyCount "46"]
[EventDate "2018.??.??"]

1. c4 e5 2. Nc3 Nf6 3. g3 Bb4 4. Nd5 Nxd5 5. cxd5 O-O 6. Bg2 c6 7. a3 Bc5 8.
Qc2 d6 9. dxc6 Nxc6 10. Nf3 Be6 11. O-O Rc8 12. d3 b5 13. Qd1 h6 14. e3 Bb6 15.
d4 Bg4 16. Qd3 Qf6 17. dxe5 dxe5 18. Nd2 a6 19. Ne4 Qg6 20. Bd2 Rfd8 21. Qb1 f5
22. h3 Be2 23. Re1 Bc4 {0-1 (23) Sebastian,A-Genocchio,D KragerÃ¸ Resort 2018}
0-1

[Event "Kragero Resort Chess 2018"]
[Site "Kragerø Resort"]
[Date "2018.02.21"]
[Round "2"]
[White "Hjørnevik, Knut J"]
[Black "Ingebretsen, Jens E"]
[Result "0-1"]
[WhiteElo "1904"]
[BlackElo "2174"]
[PlyCount "48"]
[EventDate "2018.??.??"]

1. d4 Sf6 2. Sc3 d5 3. e4 dxe4 4. f3 e3 5. Lxe3 Lf5 6. Sge2 e6 7. g4 Lg6 8. Sf4
Ld6 9. h4 Lxf4 10. Lxf4 h5 11. g5 Sd5 12. Sxd5 Dxd5 13. Ld3 O-O 14. Lxc7 Sc6
15. c4 Dd7 16. Lg3 Sxd4 17. O-O Tad8 18. Lxg6 fxg6 19. Kg2 Dc6 20. Db1 Sxf3 21.
Kh3 Td2 22. Dxg6 Sxg5+ 23. hxg5 Dg2+ 24. Kh4 Td4+
0-1

[Event "Kragero Resort Chess 2018"]
[Site "Kragerø Resort"]
[Date "2018.02.22"]
[Round "3"]
[White "Hammer, Jon Ludvig"]
[Black "Haug, Johannes"]
[Result "1-0"]
[WhiteElo "2622"]
[BlackElo "2355"]
[PlyCount "101"]
[EventDate "2018.??.??"]

1. Nf3 Nf6 2. g3 d5 3. Bg2 e6 4. O-O c5 5. d4 cxd4 6. b3 Nc6 7. Nxd4 Bc5 8. Bb2
Nxd4 9. Bxd4 Bxd4 10. Qxd4 Qc7 11. c4 e5 12. Qb2 dxc4 13. Rc1 O-O 14. Nd2 Qe7
15. Rxc4 Bf5 16. Rac1 Rac8 17. Rxc8 Bxc8 18. Nc4 e4 19. Qd4 b6 20. Nd6 Bb7 21.
Nf5 Qd8 22. e3 Qxd4 23. Nxd4 a5 24. Rc7 Bd5 25. a4 Rd8 26. Bf1 g6 27. Bb5 Rd6
28. h3 h5 29. Kf1 Nh7 30. Bc4 Bxc4+ 31. bxc4 Ng5 32. Kg2 Ne6 33. Nxe6 Rxe6 34.
c5 Kg7 35. g4 h4 36. g5 bxc5 37. Rxc5 Rb6 38. Rxa5 Rb4 39. Ra8 Rc4 40. Kf1 Rc1+
41. Ke2 Rg1 42. Re8 Rh1 43. Rxe4 Rxh3 44. Kf1 Rh1+ 45. Kg2 Ra1 46. Rxh4 Ra2 47.
Rd4 Ra3 48. Kg3 Ra2 49. f4 Kf8 50. Rd8+ Ke7 51. Ra8
1-0

[Event "Kragero Resort Chess 2018"]
[Site "Kragerø Resort"]
[Date "2018.02.22"]
[Round "3"]
[White "Genocchio, Daniele"]
[Black "Chatalbashev, Boris"]
[Result "1/2-1/2"]
[WhiteElo "2385"]
[BlackElo "2571"]
[PlyCount "23"]
[EventDate "2018.??.??"]

1. c4 b6 2. Nf3 Bb7 3. g3 c5 4. Bg2 Nf6 5. O-O e6 6. Nc3 Be7 7. d4 cxd4 8. Qxd4
d6 9. b3 Nbd7 10. Bb2 O-O 11. Rfd1 a6 12. Ng5
1/2-1/2